Estatísticas para Países da América Central

Clique aqui para jogar o quiz

Estatísticas Gerais

  • Esse quiz foi jogado 3 571 vezes
  • A pontuação média é 6 de 7

Respostas no mapa

Respostas codificadas por cores de uma escala verde-vermelha no mapa do quiz de acordo com a % correta abaixo.
Carregando ...
 

Estatísticas das Respostas

País% Correto
Panamá
95%
Honduras
89%
Costa Rica
87%
Nicarágua
86%
El Salvador
85%
Guatemala
84%
Belize
79%

Distribuição das Pontuações

Percentil de Números Respondidos

Porcentagem de Pessoas com Cada Pontuação

Sua Pontuação Histórica

Você não jogou esse quiz